书目信息 |
| 题名: |
《劳动在从猿到人的转变中的作用》解说和注释
|
|
| 作者: | 查汝强 主编 | |
| 分册: | ||
| 出版信息: | 北京 人民出版社 1979 |
|
| 页数: | 84页 | |
| 开本: | 19cm | |
| 丛书名: | ||
| 单 册: | ||
| 中图分类: | A811 , A81 | |
| 科图分类: | ||
| 主题词: | 马恩著作--学习 , 马恩著作研究 , 马恩著作--学习 , 马恩著作研究 | |
| 电子资源: | ||
| ISBN: | ||
| 000 | 00903nam0 2200277 45 | |
| 001 | 1256404578 | |
| 005 | 20090929162543.90 | |
| 010 | @dCNY0.20 | |
| 091 | @a3001.1676 | |
| 100 | @a19950713d1979 em y0chiy0121 ea | |
| 101 | 0 | @achi |
| 102 | @aCN@b110000 | |
| 105 | @ay z 000yy | |
| 200 | 12 | @a《劳动在从猿到人的转变中的作用》解说和注释@Alao dong zai cong yuan daoren de zhuan bian zhong de zuo yong jie shuo he zhu shi@f查汝强主编@FCha Ru Qiang Zhu Bian |
| 210 | @a北京@c人民出版社@d1979 | |
| 215 | @a84页@d19cm | |
| 517 | 1 | @a劳动在从猿到人的转变中的作用解说和注释@Alao dong zai cong yuan dao rende zhuan bian zhong de zuo yong jie shuo he zhu shi |
| 606 | 0 | @a马恩著作@x学习 |
| 606 | 0 | @a马恩著作研究 |
| 606 | 0 | @a马恩著作@x学习 |
| 606 | 0 | @a马恩著作研究 |
| 690 | @aA811@v3 | |
| 690 | @aA81@v4 | |
| 701 | 0 | @a查汝强@4主编 |
| 801 | 0 | @aCN@bNLC@c20060809 |
| 905 | @a10447@dA81@eJY15 | |
| 《劳动在从猿到人的转变中的作用》解说和注释/查汝强主编.-北京:人民出版社,1979 |
| 84页;19cm |
| ISBN :CNY0.20 |
| ● |
| 相关链接 |
|
|
|
|
正题名:《劳动在从猿到人的转变中的作用》解说和注释
索取号:A81/JY15
 
预约/预借
| 序号 | 登录号 | 条形码 | 馆藏地/架位号 | 状态 | 备注 |
| 1 | 7809467 | 278094679 | 学院路分馆/ [索取号:A81/JY15] | 在馆 | |
| 2 | 7809468 | 278094688 | 学院路分馆/ [索取号:A81/JY15] | 在馆 | |
| 3 | 7809469 | 278094697 | 学院路分馆/ [索取号:A81/JY15] | 在馆 |